000 00590nam a2200205 i 4500
001 100575
003 ES-MaACL
005 20230906182711.0
007 t|
008 050929s1955 sp ||||1| spa d
100 1 _aMasters, John.
_978869
245 1 4 _aLos estranguladores /
_cJohn Masters; [versión española de Ana Mª de Foronda].
260 _aBarcelona :
_bLuis de Caralt,
_c1955.
300 _a270 p. ;
_c20 cm.
490 1 _aGigante
700 1 _aForonda, Ana-María de.
_951800
830 0 _aGigante
_9181050
852 _aES-MaACL
_jC-9665
_bR.37680
999 _c100575
_d100575